Politika zamestnanosti a aktívne opatrenia na trhu práce
Politika zamestnanosti má nezastupiteľnú úlohu pri riešení nezamestnanosti, udržaní existujúcich a vytváraní nových pracovných miest. Je začleňovaná medzi koordinované politiky EÚ. Politika zamestnanosti uplatňuje konkrétne nástroje a opatrenia na podporu rastu zamestnanosti a znižovania nezamestnan...
Salvato in:
| Autore principale: | |
|---|---|
| Altri autori: | |
| Natura: | Capitolo di libro |
| Lingua: | slovacco |
| Soggetti: | |
| Tags: |
Nessun Tag, puoi essere il primo ad aggiungerne!!
|
MARC
| LEADER | 00000nla$a2200000$$$4500 | ||
|---|---|---|---|
| 001 | 0123753 | ||
| 005 | 20240502072409.8 | ||
| 041 | 0 | |a slo | |
| 044 | |a SK | ||
| 245 | 1 | 0 | |a Politika zamestnanosti a aktívne opatrenia na trhu práce |c Eva Rievajová, Mária Husáková |
| 520 | |a Politika zamestnanosti má nezastupiteľnú úlohu pri riešení nezamestnanosti, udržaní existujúcich a vytváraní nových pracovných miest. Je začleňovaná medzi koordinované politiky EÚ. Politika zamestnanosti uplatňuje konkrétne nástroje a opatrenia na podporu rastu zamestnanosti a znižovania nezamestnanosti. Opatrenia aktívnej politiky trhu práce v podmienkach SR sú zamerané predovšetkým na zmiernenie regionálnych rozdielov, dlhodobej nezamestnanosti a podporu znevýhodnených skupín uchádzačov o zamestnanie. Obdobie globálnej krízy vyvolalo na trhu práce viaceré nové problémy, ktoré si vyžiadali zo strany štátu i nové prístupy a nástroje na ich riešenie. | ||
| 610 | 2 | 0 | |a trh práce |
| 610 | 2 | 0 | |a zamestnanosť |
| 610 | 2 | 0 | |a politika zamestnanosti |
| 610 | 2 | 0 | |a Slovensko |
| 100 | 1 | |a Rievajová, Eva | |
| 700 | 1 | |a Husáková, Mária | |